A Text Book of Strength of Materials 4th ed. (Record no. 2557)
[ view plain ]
| 000 -LEADER | |
|---|---|
| fixed length control field | 00381nam a2200157Ia 4500 |
| 003 - CONTROL NUMBER IDENTIFIER | |
| control field | OSt |
| 005 - DATE AND TIME OF LATEST TRANSACTION | |
| control field | 20200311055043.0 |
| 008 - FIXED-LENGTH DATA ELEMENTS--GENERAL INFORMATION | |
| fixed length control field | 200302s9999 xx 000 0 und d |
| 020 ## - INTERNATIONAL STANDARD BOOK NUMBER | |
| International Standard Book Number | 9788131808146 |
| 100 ## - MAIN ENTRY--PERSONAL NAME | |
| Personal name | R. K. Bansal |
| 245 ## - TITLE STATEMENT | |
| Title | A Text Book of Strength of Materials 4th ed. |
| 260 ## - PUBLICATION, DISTRIBUTION, ETC. (IMPRINT) | |
| Name of publisher, distributor, etc | Laxmi Publication Pvt. Ltd. |
| 260 ## - PUBLICATION, DISTRIBUTION, ETC. (IMPRINT) | |
| Date of publication, distribution, etc | 2007 |
| 300 ## - PHYSICAL DESCRIPTION | |
| Extent | 1092 P., |
| 942 ## - ADDED ENTRY ELEMENTS (KOHA) | |
| Source of classification or shelving scheme | |
| Withdrawn status | Lost status | Damaged status | Koha normalized classification for sorting | Not for loan | Permanent location | Current location | Date acquired | Cost, normal purchase price | Total Checkouts | Full call number | Barcode | Date last seen | Date last borrowed | Price effective from | Koha item type | Source of classification or shelving scheme | Total Renewals |
|---|---|---|---|---|---|---|---|---|---|---|---|---|---|---|---|---|---|
| 620_112000000000000 | BMS College of Architecture, Design and Planning | BMS College of Architecture, Design and Planning | 2020-03-03 | 425.00 | 3 | 620.112 | CL-UG49860 | 2024-03-01 | 2024-02-23 | 2020-03-03 | UG Books from CL | ||||||
| 620_112000000000000_BAN | BMS College of Architecture, Design and Planning | BMS College of Architecture, Design and Planning | 2020-03-11 | 2 | 620.112 BAN | AR-BB91 | 2024-12-31 | 2024-11-12 | 2020-03-11 | Book Bank | 2 | ||||||
| 620_112000000000000_BAN | BMS College of Architecture, Design and Planning | BMS College of Architecture, Design and Planning | 2020-03-11 | 620.112 BAN | AR-BB92 | 2020-03-11 | 2020-03-11 | Book Bank | |||||||||
| 620_112000000000000_BAN | BMS College of Architecture, Design and Planning | BMS College of Architecture, Design and Planning | 2020-03-11 | 620.112 BAN | AR-BB93 | 2020-03-11 | 2020-03-11 | Book Bank | |||||||||
| 620_112000000000000_BAN | BMS College of Architecture, Design and Planning | BMS College of Architecture, Design and Planning | 2020-03-11 | 620.112 BAN | AR-BB94 | 2020-03-11 | 2020-03-11 | Book Bank | |||||||||
| 620_112000000000000_BAN | BMS College of Architecture, Design and Planning | BMS College of Architecture, Design and Planning | 2020-03-11 | 620.112 BAN | AR-BB95 | 2020-03-11 | 2020-03-11 | Book Bank |